[Event "VSKSvNikolaj-Jasenica"]
[Site "?"]
[Date "2005.10.01"]
[Round "10.1"]
[White "Iordachescu, Viorel"]
[Black "Vajda, Albert"]
[Result "1-0"]
[WhiteElo "2606"]
[BlackElo "2439"]
[PlyCount "85"]
[EventDate "2005.09.29"]

1. e4 c6 2. d4 d5 3. e5 Bf5 4. Nf3 e6 5. Be2 c5 6. Be3 cxd4 7. Nxd4 Ne7 8. c4
dxc4 9. O-O Bd3 10. Na3 Bxe2 11. Qxe2 Nd5 12. Nxc4 Be7 13. Qg4 Nxe3 14. Qxg7
Nxc4 15. Qxh8+ Bf8 16. Rad1 Nd7 17. b3 Ncxe5 18. Nb5 Qb6 19. Nd6+ Ke7 20. Qxh7
Rd8 21. Qh4+ Nf6 22. Ne4 Bg7 23. Rxd8 Qxd8 24. Nxf6 Bxf6 25. Qb4+ Ke8 26. Qxb7
Qd4 27. Qb5+ Kf8 28. Qe2 Ng6 29. Rd1 Qh4 30. g3 Qg5 31. Qe4 a5 32. b4 axb4 33.
Qxb4+ Kg7 34. Qe4 Qh5 35. Rb1 Ne5 36. Kg2 Ng4 37. h4 Nh6 38. a4 Nf5 39. a5 Nd6
40. Qc6 Qg6 41. Re1 Nf5 42. Qe4 Qh6 43. Kh2 1-0

[Event "Jasenica-VSKSvNikolaj"]
[Site "?"]
[Date "2005.10.01"]
[Round "10.1"]
[White "Djoric, Dusan"]
[Black "Stojanovic, Mihajlo"]
[Result "0-1"]
[WhiteElo "2316"]
[BlackElo "2519"]
[PlyCount "90"]
[EventDate "2005.09.29"]

1. d4 d5 2. c4 dxc4 3. e3 e5 4. Bxc4 exd4 5. exd4 Bd6 6. Nf3 Nf6 7. Qe2+ Qe7 8.
Qxe7+ Bxe7 9. O-O Nbd7 10. Nc3 Nb6 11. Bb3 c6 12. Re1 Nfd5 13. Bg5 f6 14. Nxd5
Nxd5 15. Bd2 Kf7 16. Bc3 Re8 17. Nd2 Be6 18. Nc4 Rad8 19. Ne3 Nc7 20. Bxe6+
Nxe6 21. Rad1 Nc7 22. a4 g6 23. g3 Rd7 24. Kf1 Red8 25. Ke2 Ne6 26. Nc2 f5 27.
Rd2 Bg5 28. f4 Bf6 29. Red1 h6 30. h4 Rd5 31. Kf2 c5 32. dxc5 Rxd2+ 33. Rxd2
Rxd2+ 34. Bxd2 Nxc5 35. Be3 Nd3+ 36. Ke2 Nxb2 37. Bxa7 Nxa4 38. Bd4 Bxd4 39.
Nxd4 Nc3+ 40. Ke3 h5 41. Kf2 Ne4+ 42. Kf3 b6 43. Nc6 Kf6 44. Ne5 Ke6 45. Ke3
Kf6 0-1

[Event "Jasenica-VSKSvNikolaj"]
[Site "?"]
[Date "2005.10.01"]
[Round "10.1"]
[White "Stankovic, Dragan"]
[Black "Kostic, Vladimir"]
[Result "1/2-1/2"]
[WhiteElo "2332"]
[BlackElo "2439"]
[PlyCount "25"]
[EventDate "2005.09.29"]

1. g3 d5 2. Bg2 c6 3. d3 Nf6 4. Nf3 Bg4 5. h3 Bxf3 6. Bxf3 e5 7. Nd2 Bc5 8. O-O
O-O 9. e4 Nbd7 10. c3 a5 11. Bg2 a4 12. Kh2 b5 13. exd5 1/2-1/2

[Event "VSKSvNikolaj-Jasenica"]
[Site "?"]
[Date "2005.10.01"]
[Round "10.1"]
[White "Lajthajm, Borko"]
[Black "Rihterovic, Milan"]
[Result "1-0"]
[WhiteElo "2455"]
[BlackElo "2249"]
[PlyCount "73"]
[EventDate "2005.09.29"]

1. d4 Nf6 2. c4 g6 3. Nc3 Bg7 4. e4 O-O 5. h3 c5 6. d5 d6 7. Nf3 e6 8. Bd3 Na6
9. O-O Nc7 10. a4 Rb8 11. Bg5 h6 12. Be3 a6 13. a5 b5 14. axb6 Rxb6 15. e5 dxe5
16. Bxc5 Rxb2 17. Bxf8 Qxf8 18. Qc1 Rb3 19. Nd2 Rxc3 20. Qxc3 e4 21. Qa5 Nfe8
22. Bxe4 f5 23. Bc2 Bxa1 24. Rxa1 Qd6 25. Bb3 exd5 26. cxd5 Kh7 27. Nc4 Qxd5
28. Qxd5 Nxd5 29. Ne5 Ndc7 30. Bf7 g5 31. Rd1 Be6 32. Bxe8 Nxe8 33. Rd8 Nc7 34.
Rd6 Kg7 35. Rc6 Kf6 36. Nd7+ Ke7 37. Nc5 1-0

[Event "Borac-Sloga"]
[Site "?"]
[Date "2005.10.01"]
[Round "10.2"]
[White "Paunovic, Dragan"]
[Black "Markovic, Zoran"]
[Result "1/2-1/2"]
[WhiteElo "2503"]
[BlackElo "2370"]
[PlyCount "21"]
[EventDate "2005.09.29"]

1. d4 d5 2. Nf3 Nf6 3. c4 e6 4. Nc3 Be7 5. Bg5 O-O 6. e3 h6 7. Bh4 b6 8. Rc1
Bb7 9. Bxf6 Bxf6 10. cxd5 exd5 11. Be2 1/2-1/2

[Event "Sloga-Borac"]
[Site "?"]
[Date "2005.10.01"]
[Round "10.2"]
[White "Jovic, Stanoje"]
[Black "Narandzic, Vlado"]
[Result "1/2-1/2"]
[WhiteElo "2327"]
[BlackElo "2346"]
[PlyCount "22"]
[EventDate "2005.09.29"]

1. c4 Nf6 2. Nc3 g6 3. g3 Bg7 4. Bg2 d6 5. Nf3 O-O 6. O-O Nbd7 7. Rb1 e5 8. d3
Re8 9. e4 a5 10. a3 c6 11. b4 axb4 1/2-1/2

[Event "MetalacTakovo-Ribnica"]
[Site "?"]
[Date "2005.10.01"]
[Round "10.3"]
[White "Kojovic, Dragan"]
[Black "Vencl, Radivoje"]
[Result "0-1"]
[WhiteElo "2324"]
[BlackElo "2300"]
[PlyCount "78"]
[EventDate "2005.09.29"]

1. e4 e5 2. Nc3 Nc6 3. Nf3 Nf6 4. g3 d6 5. Bg2 Be7 6. h3 h6 7. d4 O-O 8. Be3 b5
9. a3 Re8 10. O-O a6 11. Qe2 Bf8 12. Rad1 exd4 13. Nxd4 Nxd4 14. Bxd4 Bb7 15.
Rfe1 Qe7 16. Qd2 Nd7 17. f4 c5 18. Nd5 Bxd5 19. exd5 Qd8 20. Rxe8 Qxe8 21. Re1
Qd8 22. Bf2 Be7 23. Qe2 Bf6 24. c3 Nb6 25. h4 Nc4 26. Be4 Ra7 27. Bb1 Re7 28.
Qc2 Rxe1+ 29. Bxe1 Kf8 30. Bf2 Qa8 31. Qh7 Qxd5 32. Bd3 Nd2 33. Be2 Qe4 34.
Qh8+ Ke7 35. Bg4 Qb1+ 36. Kh2 Qf1 37. Bg1 Bxh4 38. gxh4 Qxf4+ 39. Kg2 Qxg4+ 0-1

[Event "Ribnica-MetalacTakovo"]
[Site "?"]
[Date "2005.10.01"]
[Round "10.3"]
[White "Miletic, Slobodan"]
[Black "Rabrenovic, Vladan"]
[Result "0-1"]
[WhiteElo "2138"]
[BlackElo "2319"]
[PlyCount "82"]
[EventDate "2005.09.29"]

1. e4 d6 2. g3 c5 3. Bg2 Nc6 4. c3 e5 5. Ne2 g6 6. d4 Bg7 7. dxc5 dxc5 8. O-O
Bg4 9. Qc2 Nge7 10. h3 Be6 11. g4 Nc8 12. Ng3 Qc7 13. Be3 b6 14. Rd1 Nd6 15.
Na3 O-O 16. Rd2 Rfd8 17. Bf1 a6 18. Rad1 Qe7 19. b3 Nd4 20. cxd4 cxd4 21. Qc6
b5 22. Nc2 Rdc8 23. Qb6 dxe3 24. Nxe3 Ne8 25. Nd5 Qh4 26. Qb7 Bf8 27. b4 Nd6
28. Qb6 Nc4 29. Bxc4 bxc4 30. Kg2 h5 31. f3 Qg5 32. Rc2 h4 33. Ne2 Rab8 34.
Qxa6 Bxd5 35. Rxd5 Qe3 36. Qf6 Bxb4 37. Rd7 Rf8 38. Qxe5 Bc5 39. Nd4 Rb1 40.
Rf2 Qe1 41. f4 Qh1# 0-1

[Event "MetalacTakovo-Ribnica"]
[Site "?"]
[Date "2005.10.01"]
[Round "10.3"]
[White "Gavrilovic, Leonardo"]
[Black "Palosevic, Abida"]
[Result "0-1"]
[WhiteElo "2264"]
[BlackElo "2217"]
[PlyCount "86"]
[EventDate "2005.09.29"]

1. Nf3 Nf6 2. d4 c5 3. d5 g6 4. c4 Bg7 5. Nc3 d6 6. h3 O-O 7. e4 e6 8. Bd3 exd5
9. cxd5 Re8 10. O-O c4 11. Bxc4 Nxe4 12. Nxe4 Rxe4 13. Bg5 Qb6 14. Qc2 Re8 15.
Rae1 Bd7 16. Rxe8+ Bxe8 17. Re1 Nd7 18. Bb3 Ne5 19. Nxe5 Bxe5 20. Be3 Qd8 21.
Qd2 b5 22. f4 Bg7 23. Bd4 a5 24. a3 a4 25. Bd1 Rc8 26. Bg4 Bd7 27. Bxg7 Kxg7
28. Qd4+ Kg8 29. Bxd7 Qxd7 30. Qf6 Qc7 31. Kh1 Qc5 32. Re6 fxe6 33. Qxe6+ Kf8
34. Qf6+ Ke8 35. Qh8+ Kd7 36. Qxh7+ Kd8 37. Qh4+ Kc7 38. Qe7+ Kb6 39. Qg5 Re8
40. Qxg6 Re1+ 41. Kh2 Qxd5 42. h4 Re4 43. Qg3 Qd4 0-1

[Event "Ribnica-MetalacTakovo"]
[Site "?"]
[Date "2005.10.01"]
[Round "10.3"]
[White "Nikolajevic, Branislav"]
[Black "Irizanin, Radoje"]
[Result "0-1"]
[WhiteElo "2121"]
[BlackElo "2228"]
[PlyCount "54"]
[EventDate "2005.09.29"]

1. e4 c5 2. Nf3 d6 3. Nc3 Nf6 4. d4 cxd4 5. Nxd4 a6 6. Be2 e6 7. g4 h6 8. Be3
b5 9. f3 Nbd7 10. Qd2 Bb7 11. O-O-O b4 12. Nb1 d5 13. h4 dxe4 14. g5 exf3 15.
Bc4 Nd5 16. Bxd5 Bxd5 17. Rhe1 Ne5 18. b3 h5 19. c4 Be4 20. Qb2 Be7 21. Nxe6
Nd3+ 22. Rxd3 Qxd3 23. Nxg7+ Kf8 24. Ne6+ fxe6 25. Qxh8+ Kf7 26. Qb2 Bf8 27.
Nd2 Bg7 0-1

[Event "MetalacTakovo-Ribnica"]
[Site "?"]
[Date "2005.10.01"]
[Round "10.3"]
[White "Radivojevic, Miladin"]
[Black "Nesic, Dragisa"]
[Result "0-1"]
[WhiteElo "2172"]
[BlackElo "2068"]
[PlyCount "160"]
[EventDate "2005.09.29"]

1. e4 e6 2. d4 d5 3. Nc3 dxe4 4. Nxe4 Nd7 5. Nf3 Ngf6 6. Bg5 Be7 7. Nxf6+ Nxf6
8. Bd3 O-O 9. Qe2 c5 10. dxc5 Qa5+ 11. c3 Qxc5 12. O-O-O a5 13. h4 a4 14. a3
Ra5 15. Be3 Qc7 16. Bd4 Rd5 17. Kb1 b6 18. g4 Bb7 19. Rhg1 Ra8 20. Rde1 Raa5
21. Ng5 e5 22. Bc4 Bd6 23. Be3 Bf8 24. Bxd5 Bxd5 25. f3 Bc4 26. Qc2 Bb3 27. Qd3
Bc4 28. Qd1 Ra8 29. Ne4 Nxe4 30. fxe4 Qc6 31. Bc1 Qb5 32. Ka1 Be6 33. Be3 Qc4
34. Qb1 Qb3 35. Bc1 Rd8 36. c4 Bc5 37. Qa2 Qxa2+ 38. Kxa2 Bxc4+ 39. Ka1 Bxg1
40. Rxg1 Bb3 41. Be3 b5 42. g5 Rd3 43. Re1 Kf8 44. Kb1 Ke7 45. Kc1 Ke6 46. h5
Rd8 47. Bd2 Rc8+ 48. Bc3 Rd8 49. Bd2 Rd4 50. Re3 Rc4+ 51. Bc3 Rc8 52. Rd3 f6
53. Rg3 Rd8 54. Bd2 f5 55. h6 f4 56. Rh3 g6 57. Rh1 Rd4 58. Re1 Rd3 59. Rg1 Rh3
60. Kb1 Rh2 61. Kc1 Re2 62. Be1 Rc2+ 63. Kb1 Rc4 64. Bd2 Rxe4 65. Rc1 Rc4 66.
Re1 Kf5 67. Rg1 Rc2 68. Bc1 Rh2 69. Re1 Rg2 70. Ka1 Rxg5 71. Bd2 Rg2 72. Bb4 e4
73. Bc5 Rh2 74. Bf8 e3 75. Bc5 Rxh6 76. Bb4 Ke4 77. Bc5 g5 78. Kb1 g4 79. Rg1
g3 80. Re1 g2 0-1

[Event "Telekom-Ina Dizajn"]
[Site "?"]
[Date "2005.10.01"]
[Round "10.4"]
[White "Runic, Zoran"]
[Black "Muratovic, Alija"]
[Result "1/2-1/2"]
[WhiteElo "2413"]
[BlackElo "2417"]
[PlyCount "23"]
[EventDate "2005.10.01"]
[SourceDate "2005.10.01"]

1. e4 d5 2. exd5 Qxd5 3. Nc3 Qa5 4. d4 Nf6 5. Bc4 e6 6. Nf3 c6 7. O-O Be7 8.
Re1 O-O 9. h3 Qc7 10. a4 Nbd7 11. Qe2 Nb6 12. Ba2 1/2-1/2

[Event "Telekom-Ina Dizajn"]
[Site "?"]
[Date "2005.10.01"]
[Round "10.4"]
[White "Simic, Dragisa"]
[Black "Djakovac, Enes"]
[Result "1/2-1/2"]
[WhiteElo "2314"]
[BlackElo "2211"]
[PlyCount "21"]
[EventDate "2005.10.01"]
[SourceDate "2005.10.01"]

1. d4 d5 2. Nf3 Nf6 3. c4 c6 4. Nc3 dxc4 5. a4 Bf5 6. Ne5 e6 7. f3 c5 8. e4 Bg6
9. Be3 cxd4 10. Qxd4 Qxd4 11. Bxd4 1/2-1/2

[Event "Ina Dizajn-Telekom"]
[Site "?"]
[Date "2005.10.01"]
[Round "10.4"]
[White "Ikic, Alija"]
[Black "Adzic, Momcilo"]
[Result "1/2-1/2"]
[WhiteElo "2106"]
[BlackElo "2240"]
[PlyCount "20"]
[EventDate "2005.10.01"]
[SourceDate "2005.10.01"]

1. d4 d5 2. c4 e6 3. Nc3 Be7 4. Nf3 Nf6 5. cxd5 exd5 6. Bg5 Nbd7 7. e3 c6 8.
Be2 O-O 9. O-O Re8 10. Rb1 a5 1/2-1/2

[Event "Sloboda Bohor-Zadrugar"]
[Site "?"]
[Date "2005.10.01"]
[Round "10.5"]
[White "Misailovic, Nebojsa"]
[Black "Manolache, Marius"]
[Result "0-1"]
[WhiteElo "2357"]
[BlackElo "2462"]
[PlyCount "66"]
[EventDate "2005.10.01"]
[SourceDate "2005.10.01"]

1. e4 c5 2. Nf3 e6 3. Be2 Nc6 4. O-O Nf6 5. Nc3 Qc7 6. d4 cxd4 7. Nxd4 a6 8.
Be3 d6 9. a4 Be7 10. f4 O-O 11. Kh1 Bd7 12. Bf3 Nxd4 13. Qxd4 Bc6 14. a5 Rac8
15. Qd2 Rfe8 16. g4 d5 17. Bb6 dxe4 18. Bxc7 exf3 19. h3 Rxc7 20. Kh2 Rd7 21.
Qe3 Bd6 22. Rad1 e5 23. Rxd6 Rxd6 24. g5 Nd5 25. Qc5 Rd7 26. Rxf3 Nxc3 27. Rxc3
Rd2+ 28. Kg3 Rg2+ 29. Kh4 exf4 30. Kh5 h6 31. gxh6 g6+ 32. Kh4 g5+ 33. Kh5 Be4
0-1

[Event "Sloboda Bohor-Zadrugar"]
[Site "?"]
[Date "2005.10.01"]
[Round "10.5"]
[White "Sahovic, Dragutin"]
[Black "Djokic, Vladan"]
[Result "0-1"]
[WhiteElo "2279"]
[BlackElo "2294"]
[PlyCount "101"]
[EventDate "2005.10.01"]
[SourceDate "2005.10.01"]

1. d4 Nf6 2. Bg5 g6 3. Bxf6 exf6 4. e4 Bg7 5. Nf3 O-O 6. Bd3 d5 7. exd5 Re8+ 8.
Be2 Qxd5 9. c3 Bf5 10. O-O Bxb1 11. Rxb1 Qxa2 12. Re1 Nd7 13. Bd3 Qd5 14. c4
Rxe1+ 15. Qxe1 Qd6 16. b4 f5 17. c5 Qf6 18. g3 Rd8 19. Bc4 f4 20. Kg2 fxg3 21.
fxg3 Qf5 22. Rd1 Qc2+ 23. Qe2 Qxe2+ 24. Bxe2 Nf6 25. Rd3 a6 26. Rb3 c6 27. Bc4
Nd5 28. Kf2 h6 29. Bxd5 Rxd5 30. Rd3 h5 31. Rd1 Kf8 32. Ke3 Ke7 33. Ke4 Kd7 34.
Rf1 f5+ 35. Ke3 Bf6 36. Rd1 g5 37. Rd3 g4 38. Ne1 Bg5+ 39. Kf2 f4 40. gxf4 Bxf4
41. Kg2 Ke6 42. h3 Kf5 43. Nc2 Ke4 44. Rd1 Rd7 45. Rf1 Bd2 46. hxg4 hxg4 47.
Rd1 Kd3 48. Na3 Rd5 49. Nb1 Kc2 50. Rf1 Bxb4 51. Kg3 0-1

[Event "Sloboda Bohor-Zadrugar"]
[Site "?"]
[Date "2005.10.01"]
[Round "10.5"]
[White "Civric, Zdravko"]
[Black "Sekulic, Dusan"]
[Result "0-1"]
[WhiteElo "2200"]
[BlackElo "2366"]
[PlyCount "50"]
[EventDate "2005.10.01"]
[SourceDate "2005.10.01"]

1. e4 e5 2. Nf3 Nc6 3. Bc4 Bc5 4. b4 Bxb4 5. c3 Ba5 6. d4 d6 7. Qb3 Qd7 8. O-O
Bb6 9. Bb5 a6 10. Ba4 Ba7 11. Bxc6 Qxc6 12. dxe5 Be6 13. Qc2 dxe5 14. Nxe5 Qb5
15. Nf3 Nf6 16. Nd4 Qe5 17. Nxe6 fxe6 18. Nd2 O-O 19. h3 b5 20. Ba3 Rf7 21.
Rae1 Nh5 22. Qd3 Nf4 23. Qf3 Rd8 24. Bc1 Nd3 25. Qe2 Rxf2 0-1

[Event "Zadrugar-Sloboda Bohor"]
[Site "?"]
[Date "2005.10.01"]
[Round "10.5"]
[White "Trifunovic, Miroljub"]
[Black "Marinkovic, Zoran"]
[Result "0-1"]
[WhiteElo "2265"]
[BlackElo "2288"]
[PlyCount "96"]
[EventDate "2005.10.01"]
[SourceDate "2005.10.01"]

1. d4 Nf6 2. Nf3 b6 3. g3 Bb7 4. Bg2 e6 5. O-O Be7 6. c4 O-O 7. Nc3 d5 8. Ne5
Na6 9. Bg5 h6 10. Bxf6 Bxf6 11. cxd5 exd5 12. Ng4 Be7 13. Qa4 c6 14. Ne5 Qd6
15. a3 Nc5 16. Qd1 Nd7 17. Nxd7 Qxd7 18. b4 Bf6 19. Rc1 Ba6 20. Re1 Rfd8 21. e3
Bc4 22. Qd2 a5 23. Na4 Qc7 24. Nb2 b5 25. Nd3 axb4 26. axb4 Ra2 27. Rc2 Ra7 28.
Nc5 Be7 29. h4 Ra3 30. Rb2 Qa7 31. Kh2 Qc7 32. Kg1 Bf8 33. Qd1 g6 34. h5 g5 35.
Bh3 Qa7 36. Rb1 Ra2 37. Bf5 Qe7 38. Qf3 Qf6 39. Kg2 Bxc5 40. dxc5 Kg7 41. g4
Qe5 42. Kg1 Ra3 43. Qd1 d4 44. Qc1 Rc3 45. f4 Qf6 46. Qd2 gxf4 47. exf4 Rg3+
48. Kf2 Qh4 0-1